[Event "Cappelle op 27th"]
[Site "Cappelle la Grande"]
[Date "2011.02.28"]
[Round "3"]
[White "Van Eert, Frans"]
[Black "Brunner, Nicolas"]
[Result "0-1"]
[WhiteElo "1882"]
[BlackElo "2478"]
[PlyCount "86"]
[EventDate "2011.02.26"]
[EventType "swiss"]
[EventRounds "9"]
[EventCountry "FRA"]
[SourceTitle "CBM 141 Extra"]
[Source "ChessBase"]
[SourceDate "2011.05.03"]
[SourceVersion "1"]
[SourceVersionDate "2011.05.03"]
[SourceQuality "1"]

1. e4 c5 2. Nf3 d6 3. d4 cxd4 4. Nxd4 Nf6 5. Nc3 a6 6. Bg5 e6 7. f4 Qc7 8. Qf3 b5 9. Bd3 Nbd7 10. 0-0-0 Bb7 11. Rhe1 Qb6 12. Nb3 b4 13. Nd5 exd5 14. e5 dxe5 15. fxe5 Ne4 16. Bxe4 dxe4 17. Qg3 h6 18. Be3 Qg6 19. Qxg6 fxg6 20. e6 Nf6 21. Nc5 Bd5 22. Rd2 Bxc5 23. Bxc5 Bxe6 24. Rd6 Kf7 25. Red1 a5 26. Rb6 Rhd8 27. Rb7+ Kg8 28. Rxd8+ Rxd8 29. Bb6 Rd5 30. Ra7 Nd7 31. Bxa5 e3 32. Bxb4 e2 33. Ra8+ Kf7 34. b3 Rd1+ 35. Kb2 e1Q 36. Bxe1 Rxe1 37. a4 Ke7 38. a5 Kd6 39. b4 Re4 40. c3 Re2+ 41. Kc1 Bc4 42. a6 Ra2 43. a7 Bd5 0-1